000 02295 a2200229 4500
005 20110906114427.0
010 _aG-001233
020 _c40.00
_a
035 _aG-001233
037 _bउपहार
082 1 4 _a004
100 1 _aशर्मा, पवित्र कुमार
_934483
245 1 _aकम्प्यूटर के उपयोगी हिस्से /
_cपवित्र कुमार शर्मा
246 _a
_b
260 _aजयपुर
_bशुभम प्रकाशन
_c2009
270 _a 1024, गोठवाल भवन, संघी जी का रास्ता,चौड़ा रास्ता
_bजयपुर
_e 03
300 _a32पृ.
_bसचित्र
_c21सेमी (अजिल्द)
650 _a
_934484
942 _adpl
_cCH
_k
_2ddc
_h004
_mशर्माप
999 _c56378
_d56378